Mediterranean Sea Countries on a Map - Statistics

General Stats
  • This quiz has been taken 34 times
  • The average score is 21 of 22
Answers on the Map
Answers color-coded by a green-red scale on the quiz's map according to % correct below.
 
Answer Stats
Answer % Correct
Albania
100%
Algeria
100%
Bosnia and Herzegovina
100%
Croatia
100%
Cyprus
100%
Egypt
100%
France
100%
Greece
100%
Italy
100%
Libya
100%
Malta
100%
Montenegro
100%
Morocco
100%
Spain
100%
Tunisia
100%
Turkey
100%
Israel
96%
Syria
96%
Lebanon
93%
Slovenia
93%
Monaco
86%
United Kingdom
64%
No matching quizzes found
Score Distribution
Percent of People with Each Score
Percentile by Number Answered
Your Score History
You have not taken this quiz